Küreselleşme ve Ahlaki Değerlerin Korunması (Record no. 6244)

MARC details
000 -BAŞLIK
Sabit Uzunlukta Kontrol Alanı 00807na a2200229 4500
001 - KONTROL NUMARASI
Denetim Alanı 12997
003 - KONTROL NUMARASI IDENTIFIER
Denetim Alanı MIRAKIL
005 - SON İŞLEM TARİHİ VE ZAMANI
Denetim Alanı 20181213155101.0
008 - SABİT-BOY VERİ ELEMANLARI - GENEL BİLGİLER
Sabit Uzunlukta Kontrol Alanı 161213b tu 000 0
035 ## - SİSTEM KONTROL NUMARASI
Sistem Kontrol Numarası 12997
040 ## - KATALOGLAMA KAYNAK
Orijinal Kataloglama Ajansı Milas
Kataloglama Dili tur
Metne Dönüştürmek Ajansı TR-AnCHP
082 ## - DEWEY ONLU SINIFLANDIRMA NUMARASI
Sınıflandırma Numarası 291.5
Ürün Numarası K96
090 ## - SINIFLAMA NUMARASI
Sınıflama Numarası 291.5 K96 ty
111 ## - ANA GİRİŞ - TOPLANTI ADI
Giriş Elemanı Olarak Toplantı Adı Veya Yargı Alanı Adı Küreselleşme ve Ahlaki Değerlerin Korunması: Risale-İ Nur Işığında Küreselleşme ve Ahlak
Toplantının Yeri İstanbul
Toplantı Veya Antlaşma İmzalandığı Tarihi 22-24 Eylül 2002
245 ## - BAŞLIK TABLOSU
Başlık Küreselleşme ve Ahlaki Değerlerin Korunması
Başlığın Kalan Risale-İ Nur Işığında Küreselleşme ve Ahlak (Uluslararası Sempozyum)
Sorumluluk Tablosu, Vb Oliver Leaman
260 ## - YAYIN, DAĞITIM, VB
Yayın, Dağıtım, Vb Yeri [İstanbul]
Yayıncı, Dağıtıcı, Vs Adı [ yayl. y.]
Yayın, Dağıtım, Vb Tarihi [t.y]
300 ## - FİZİKSEL TANIM
Kapsam 62 s.
Boyutlar 19 sm.
650 ## - KONU KATMA GİRİŞ - TOPİKAL DÖNEM
Topikal Süreli Veya Coğrafi Ad Giriş Elemanı Ahlak İlmi
650 ## - KONU KATMA GİRİŞ - TOPİKAL DÖNEM
Topikal Süreli Veya Coğrafi Ad Giriş Elemanı Küreselleşme
Genel Alt Bölümü Ahlak
Kronolojik Alt Bölümü Toplantılar
700 ## - KATMA GİRİŞ - KİŞİSEL İSİM
Kişisel Ad Leaman, Oliver
942 ## - EKLENDİ GİRİŞ ELEMANLARI (KOHA)
Sınıflandırma Veya Raf Düzeni Kaynak Dewey Decimal Classification
Koha Öğesi Türü Books
999 ## - SİSTEM KONTROL NUMARALARI (KOHA)
Koha Biblionumber 6244
Koha Biblioitemnumber 6244
Holdings
Kalıcı Konum Mevcut Konum Edinme Tarihi Edinim Kaynak Toplam Check-Out'Lar Tam Çağrı Numarası Barkod Tarih Son Görülme İtibaren Geçerli Fiyatlar Koha Öğesi Türü
CHP Kütüphanesi CHP Kütüphanesi 08/04/2016 Bağış   291.5 K96 ty 000385 08/04/2016 08/04/2016 Books